=LDR 00000nam 2200000 4500 =001 INLIS000000000049069 =005 20170119111402.0 =006 =007 =008 =020 ##$$a 978-979-074-561-2 =035 ##$$0010-011700000000350 =040 ##$$a NBPDMAT =082 ##$$a 372.8 =090 ##$$a 372.8 Bam d =100 ##$$a Bambang Pribadi =245 ##$$a Dasar - dasar menulis angka-huruf-kata untuk anak usia praTK dan TK : rajin pangkal pandai $c Bambang Pribadi =250 ##$$a Cet.9 =260 ##$$a Jakarta $b Bhiuana Ilmu Populer $c 2016 =300 ##$$a 48 hlm. $c 28 cm. =650 ##$$a Menulis ( Pendidikan Dasar ) =850 ##$$a NBPDMAT